Science Quiz

Random Science or Sporcle Quiz

Element Names Younger Than Sporcle Quiz Stats

 Plays Quiz Updated Jun 20, 2017

Support Sporcle.
Go Orange.
Score 0/7 Timer 02:00
0 Plays Today
% Correct
2016tennessine (Ts)
73.2%
2016oganesson (Og)
67.5%
2012livermorium (Lv)
66.3%
2016moscovium (Mc)
64.8%
2012flerovium (Fl)
60.1%
2016nihonium (Nh)
58.2%
2010copernicium (Cn)
53.9%

You're not logged in!

Compare scores with friends on all Sporcle quizzes.
OR
Log In
Forgot?

From the Vault

Sports Fathers and Sons

by Ben

It is one thing to have your dad teach you how to throw a football, it is quite another to have your dad teach you how to step up in the pocket to avoid a linebacker coming at you from a Nickel Defense.
Remove Ads.
Support Sporcle.
Get the best of Sporcle when you Go Orange. This ad-free experience offers more features, more stats, and more fun while also helping to support Sporcle. Thank you for becoming a member.

Show Comments

Extras

Top Quizzes Today


Score Distribution

Your Account Isn't Verified!

In order to create a playlist on Sporcle, you need to verify the email address you used during registration. Go to your Sporcle Settings to finish the process.

Report this User

Report this user for behavior that violates our Community Guidelines.

Details: